000 00346 a2200157 4500
001 71408
020 _a8532235352
040 _cAnchieta - Colégio São Paulo
100 _aMurray, Roseana
240 1 0 _aReceitas de olhar
_lpor
245 1 0 _aReceitas de olhar
300 _a45
362 0 _a1997
650 4 _aLiteratura juvenil
942 _cBK
999 _c71408
_d71408